France Current Squad - Statistics

General Stats
  • This quiz has been taken 200 times
    69 since last reset
  • The average score is 16 of 26
Answer Stats
Role Club Player Name % Correct
Goalkeeper AC Milan Mike Maignan
93%
Defender Liverpool Ibrahima Konaté
92%
Forward Real Madrid Kylian Mbappé
92%
Forward Paris Saint-Germain Ousmane Dembélé
88%
Midfielder Real Madrid Aurélien Tchouaméni
86%
Forward Paris Saint-Germain Désiré Doué
83%
Forward Inter Milan Marcus Thuram
83%
Forward Bayern Munich Michael Olise
81%
Forward Paris Saint-Germain Bradley Barcola
78%
Forward Manchester City Rayan Cherki
75%
Defender Paris Saint-Germain Lucas Hernández
71%
Defender Al-Hilal Theo Hernández
71%
Coach - Didier Deschamps
66%
Defender Inter Milan Benjamin Pavard
59%
Midfielder Paris Saint-Germain Warren Zaïre-Emery
59%
Midfielder Olympique Marseille Adrien Rabiot
51%
Forward Paris Saint-Germain Randal Kolo Muani
51%
Goalkeeper LOSC Lille Lucas Chevalier
49%
Defender Aston Villa Lucas Digne
49%
Defender Chelsea Malo Gusto
49%
Defender Juventus Pierre Kalulu
46%
Goalkeeper Stade Rennais Brice Samba
42%
Defender Atlético Madrid Clément Lenglet
42%
Midfielder Lazio Mattéo Guendouzi
41%
Midfielder AS Roma Manu Koné
31%
Defender Sevilla Loïc Badé
15%
No matching quizzes found
Score Distribution
Percent of People with Each Score
Percentile by Number Answered
Your Score History
You have not taken this quiz since the last reset